<?xml version="1.0" encoding="UTF-8"?>
<record
    xmlns:xsi="http://www.w3.org/2001/XMLSchema-instance"
    xsi:schemaLocation="http://www.loc.gov/MARC21/slim http://www.loc.gov/standards/marcxml/schema/MARC21slim.xsd"
    xmlns="http://www.loc.gov/MARC21/slim">

  <leader>00400pam a2200145a 44500</leader>
  <controlfield tag="008">230405s2019    xxu||||| |||| 00| 0 eng d</controlfield>
  <datafield tag="041" ind1=" " ind2=" ">
    <subfield code="a">ENG</subfield>
  </datafield>
  <datafield tag="100" ind1=" " ind2=" ">
    <subfield code="a">Levangie P.K.&amp; Norkin C.C. ,lw</subfield>
  </datafield>
  <datafield tag="245" ind1=" " ind2=" ">
    <subfield code="a">Jont Structure &amp; function A Comprehensive analysis</subfield>
  </datafield>
  <datafield tag="250" ind1=" " ind2=" ">
    <subfield code="a">6 Ed.</subfield>
  </datafield>
  <datafield tag="260" ind1=" " ind2=" ">
    <subfield code="a">Delhi</subfield>
    <subfield code="b">F.A,Davis the health science</subfield>
    <subfield code="c">2019</subfield>
  </datafield>
  <datafield tag="300" ind1=" " ind2=" ">
    <subfield code="a">xiv;533pb</subfield>
  </datafield>
  <datafield tag="650" ind1=" " ind2=" ">
    <subfield code="a">KINESIOTHERAPY</subfield>
  </datafield>
  <datafield tag="906" ind1=" " ind2=" ">
    <subfield code="a">22</subfield>
  </datafield>
  <datafield tag="999" ind1=" " ind2=" ">
    <subfield code="c">835682</subfield>
    <subfield code="d">835682</subfield>
  </datafield>
  <datafield tag="952" ind1=" " ind2=" ">
    <subfield code="0">0</subfield>
    <subfield code="1">0</subfield>
    <subfield code="4">0</subfield>
    <subfield code="7">0</subfield>
    <subfield code="8">C</subfield>
    <subfield code="a">PHS</subfield>
    <subfield code="b">PHS</subfield>
    <subfield code="d">2021-06-25</subfield>
    <subfield code="e">B.M.S.G.B. PUNE</subfield>
    <subfield code="g">1795.00</subfield>
    <subfield code="l">1</subfield>
    <subfield code="o">615.82LEV</subfield>
    <subfield code="p">PHS-115</subfield>
    <subfield code="r">2025-04-03 00:00:00</subfield>
    <subfield code="s">2023-12-11</subfield>
    <subfield code="w">2023-08-17</subfield>
    <subfield code="y">BK</subfield>
  </datafield>
  <datafield tag="952" ind1=" " ind2=" ">
    <subfield code="0">0</subfield>
    <subfield code="1">0</subfield>
    <subfield code="4">0</subfield>
    <subfield code="7">0</subfield>
    <subfield code="8">C</subfield>
    <subfield code="a">PHS</subfield>
    <subfield code="b">PHS</subfield>
    <subfield code="d">2021-06-25</subfield>
    <subfield code="e">B.M.S.G.B. PUNE</subfield>
    <subfield code="g">1795.00</subfield>
    <subfield code="l">3</subfield>
    <subfield code="o">615.82LEV</subfield>
    <subfield code="p">PHS-114</subfield>
    <subfield code="r">2026-04-04 00:00:00</subfield>
    <subfield code="s">2025-10-06</subfield>
    <subfield code="w">2023-08-17</subfield>
    <subfield code="y">BK</subfield>
  </datafield>
  <datafield tag="952" ind1=" " ind2=" ">
    <subfield code="0">0</subfield>
    <subfield code="1">0</subfield>
    <subfield code="4">0</subfield>
    <subfield code="7">0</subfield>
    <subfield code="8">C</subfield>
    <subfield code="a">PHS</subfield>
    <subfield code="b">PHS</subfield>
    <subfield code="d">2021-06-25</subfield>
    <subfield code="e">B.M.S.G.B. PUNE</subfield>
    <subfield code="g">1795.00</subfield>
    <subfield code="l">2</subfield>
    <subfield code="o">615.82LEV</subfield>
    <subfield code="p">PHS-113</subfield>
    <subfield code="r">2025-04-15 00:00:00</subfield>
    <subfield code="s">2023-09-27</subfield>
    <subfield code="w">2023-08-17</subfield>
    <subfield code="y">BK</subfield>
  </datafield>
  <datafield tag="952" ind1=" " ind2=" ">
    <subfield code="0">0</subfield>
    <subfield code="1">0</subfield>
    <subfield code="4">0</subfield>
    <subfield code="7">0</subfield>
    <subfield code="8">C</subfield>
    <subfield code="a">PHS</subfield>
    <subfield code="b">PHS</subfield>
    <subfield code="d">2021-06-25</subfield>
    <subfield code="e">B.M.S.G.B. PUNE</subfield>
    <subfield code="g">1795.00</subfield>
    <subfield code="l">2</subfield>
    <subfield code="o">615.82LEV</subfield>
    <subfield code="p">PHS-112</subfield>
    <subfield code="r">2025-12-12 00:00:00</subfield>
    <subfield code="s">2025-12-11</subfield>
    <subfield code="w">2023-08-17</subfield>
    <subfield code="y">BK</subfield>
  </datafield>
  <datafield tag="952" ind1=" " ind2=" ">
    <subfield code="0">0</subfield>
    <subfield code="1">0</subfield>
    <subfield code="4">0</subfield>
    <subfield code="7">0</subfield>
    <subfield code="8">C</subfield>
    <subfield code="a">PHS</subfield>
    <subfield code="b">PHS</subfield>
    <subfield code="d">2021-06-25</subfield>
    <subfield code="e">B.M.S.G.B. PUNE</subfield>
    <subfield code="g">1795.00</subfield>
    <subfield code="l">3</subfield>
    <subfield code="m">1</subfield>
    <subfield code="o">615.82LEV</subfield>
    <subfield code="p">PHS-111</subfield>
    <subfield code="r">2026-03-26 00:00:00</subfield>
    <subfield code="s">2026-03-14</subfield>
    <subfield code="w">2023-08-17</subfield>
    <subfield code="y">BK</subfield>
  </datafield>
  <datafield tag="952" ind1=" " ind2=" ">
    <subfield code="0">0</subfield>
    <subfield code="1">0</subfield>
    <subfield code="4">0</subfield>
    <subfield code="7">0</subfield>
    <subfield code="8">C</subfield>
    <subfield code="a">PHS</subfield>
    <subfield code="b">PHS</subfield>
    <subfield code="d">2021-06-25</subfield>
    <subfield code="e">B.M.S.G.B. PUNE</subfield>
    <subfield code="g">1795.00</subfield>
    <subfield code="l">1</subfield>
    <subfield code="o">615.82LEV</subfield>
    <subfield code="p">PHS-110</subfield>
    <subfield code="r">2024-01-24 00:00:00</subfield>
    <subfield code="s">2024-01-18</subfield>
    <subfield code="w">2023-08-17</subfield>
    <subfield code="y">BK</subfield>
  </datafield>
</record>
